عرض عادي
عرض مارك
- داود، أحمد إبراهيم هندي
مدخل إسم شخص
001 - رقم الضبط
- حقل الضبط: 58718
003 - معرف رقم الضبط
- حقل الضبط: OSt
005 - تاريخ ووقت أخر عملية
- حقل الضبط: 20170817163642.0
008 - عناصر بيانات ثابتة الطول
- حقل تحكم ثابت الطول: 170817|| aca||aabn | a|a d
040 ## - مصدر الفهرسة
- هيئة الفهرسة الأصلية: OSt
- وكالة الكتابة: OSt
100 ## - مدخل -- أسم شخص
- إسم شخص: داود، أحمد إبراهيم هندي
670 ## - بيانات المصدر موجوده
- الاستشهاد بالمصدر: Work cat.: (OSt): داود، أحمد إبراهيم هندي, المصطلح النحوي في كتاب سيبويه :, 2017.
